[Event "Capablanca mem"]
[Site "Cienfuegos"]
[Date "1991.??.??"]
[Round "2"]
[White "Zapata, Alonso"]
[Black "Soppe, Guillermo"]
[Result "1/2-1/2"]
[WhiteElo "2510"]
[BlackElo "2425"]
[PlyCount "115"]
[EventDate "1991.??.??"]
[Source "ChessBase"]

1. e4 d5 2. exd5 Qxd5 3. Nc3 Qa5 4. d4 Nf6 5. Nf3 Bg4 6. h3 Bh5 7. g4 Bg6 8. Ne5 e6 9. Bg2 c6 10. h4 Nbd7 11. Nxd7 Kxd7 12. Bd2 h6 13. Nd5 Qa4 14. b3 Qxd4 15. Nxf6+ gxf6 16. Bxh6 Bd3 17. Qxd3 Qxd3 18. cxd3 Bxh6 19. Ke2 Rhg8 20. Bf3 a5 21. Rab1 Ra6 22. Rb2 Rb6 23. Rhb1 Bf4 24. Rc2 Rh8 25. h5 Bh6 26. Rc4 Ra8 27. Kf1 Ke7 28. a4 Rd8 29. Ke2 Rd7 30. Be4 Ra6 31. Bg2 Rb6 32. Be4 Ra6 33. b4 axb4 34. Rcxb4 Ra7 35. a5 Kf8 36. Rd1 Rd8 37. Rb6 Rda8 38. Rdb1 Bg5 39. Kf3 Bd2 40. Rxb7 Rxb7 41. Rxb7 Rxa5 42. Bxc6 f5 43. Bb5 fxg4+ 44. Kxg4 Ra1 45. Bc6 Rg1+ 46. Kf3 Bh6 47. Ke2 Rg5 48. Bf3 Re5+ 49. Kf1 Rf5 50. Bg4 Rf4 51. Bd1 Rf5 52. Kg2 Rg5+ 53. Kh3 Rf5 54. Rb2 Rd5 55. Be2 Rf5 56. Kg4 Rd5 57. Rb3 Rd4+ 58. Kg3 1/2-1/2

[Event "BL 0304"]
[Site "Germany"]
[Date "2004.03.08"]
[Round "11.6"]
[White "Keitlinghaus, Ludger"]
[Black "Pirrot, Dieter"]
[Result "1-0"]
[WhiteElo "2503"]
[BlackElo "2422"]
[PlyCount "103"]
[EventDate "2004.03.06"]
[Source "Roberto Alvarez"]
[SourceDate "2004.03.22"]

1. e4 d5 2. exd5 Qxd5 3. Nc3 Qa5 4. d4 Nf6 5. Nf3 Bg4 6. h3 Bh5 7. g4 Bg6 8. Ne5 e6 9. h4 Bb4 10. Bd2 Qb6 11. h5 Be4 12. Nxe4 Nxe4 13. c3 Nxd2 14. Qxd2 Be7 15. O-O-O Nd7 16. Nc4 Qc6 17. Bd3 Qf3 18. Rhg1 Bh4 19. Be2 Qd5 20. f4 b5 21. Qe3 Rb8 22. Bf3 Bf2 23. Bxd5 Bxe3+ 24. Nxe3 exd5 25. Nxd5 Kd8 26. Rge1 Nb6 27. Nb4 Kd7 28. Re5 Nc4 29. Na6 Nxe5 30. dxe5+ Ke7 31. Nxb8 Rxb8 32. Rd5 g6 33. h6 a6 34. Kd2 g5 35. f5 Rb6 36. f6+ Ke6 37. Rc5 Kd7 38. Ke3 c6 39. Ke4 Rb8 40. Kf5 Rg8 41. c4 Rg6 42. cxb5 axb5 43. a4 Rxh6 44. axb5 cxb5 45. Rxb5 Rh2 46. Rb7+ Ke8 47. Kxg5 h6+ 48. Kf4 Rf2+ 49. Ke3 Rf1 50. Re7+ Kf8 51. Rd7 Ke8 52. Rd4 1-0

[Event "Helsinki"]
[Site "Helsinki FIN"]
[Date "1991.??.??"]
[Round "?"]
[White "Maki, Veijo"]
[Black "Bellon Lopez, Juan Manuel"]
[Result "0-1"]
[WhiteElo "2430"]
[BlackElo "2495"]
[PlyCount "51"]
[EventDate "1991.03.??"]
[Source "www.chesslib.no"]
[SourceDate "2004.05.04"]

1. e4 d5 2. exd5 Qxd5 3. Nc3 Qa5 4. d4 Nf6 5. Nf3 Bg4 6. h3 Bh5 7. g4 Bg6 8. Ne5 e6 9. h4 Bb4 10. Rh3 Bxc3+ 11. bxc3 Nbd7 12. Nxg6 hxg6 13. Bd2 Ne4 14. Bf4 g5 15. Qf3 Rxh4 16. Rxh4 gxh4 17. Rb1 Qxa2 18. Rc1 Qd5 19. Bg2 Nxc3 20. Qh3 Qc4 21. Bf1 Qxd4 22. Be3 Qa4 23. Qxh4 Ne5 24. Bg2 Qc4 25. Qh8+ Kd7 26. Rd1+ 0-1

[Event "Novgorod op"]
[Site "Novgorod"]
[Date "1999.03.25"]
[Round "7"]
[White "Beshukov, Sergei"]
[Black "Nadanian, Ashot"]
[Result "0-1"]
[WhiteElo "2511"]
[BlackElo "2413"]
[PlyCount "94"]
[EventDate "1999.03.19"]
[Source "ChessBase"]
[SourceDate "1999.05.10"]

1. e4 d5 2. exd5 Qxd5 3. Nc3 Qa5 4. d4 Nf6 5. Nf3 Bg4 6. h3 Bh5 7. g4 Bg6 8. Ne5 Nbd7 9. Nxg6 hxg6 10. Bg2 c6 11. Bd2 Qc7 12. Qe2 O-O-O 13. g5 Nh5 14. d5 Nb6 15. dxc6 bxc6 16. Qf3 e6 17. Qxc6 Qxc6 18. Bxc6 Nc4 19. Bc1 Bc5 20. Bb5 Rd4 21. Ba6+ Kb8 22. Ne2 Re4 23. Bxc4 Rxc4 24. c3 Rd8 25. Be3 Bxe3 26. fxe3 Re4 27. Nd4 Rd5 28. h4 e5 29. Nc2 Ng3 30. Rh3 Nf5 31. Ke2 Rg4 32. Rh2 Nxh4 33. Nb4 Rd6 34. Nd3 Nf5 35. Nxe5 Re4 36. Nxf7 Rd7 37. Nh8 Rxe3+ 38. Kf1 Rg3 39. Nxg6 Rxg5 40. Nf4 Ng3+ 41. Ke1 Rf5 42. Rg2 Re7+ 43. Kd2 Ne4+ 44. Ke3 Nc5+ 45. Kf3 Nd3 46. Rg4 g5 47. Rxg5 Ne5+ 0-1

[Event "Biel"]
[Site "Biel"]
[Date "1984.??.??"]
[Round "?"]
[White "Eslon, Jaan"]
[Black "Rogers, Ian"]
[Result "1-0"]
[WhiteElo "2445"]
[BlackElo "2475"]
[PlyCount "57"]
[EventDate "1984.07.??"]
[Source "ChessBase"]

1. e4 d5 2. exd5 Qxd5 3. Nc3 Qa5 4. d4 Nf6 5. Nf3 Bg4 6. h3 Bh5 7. g4 Bg6 8. Ne5 e6 9. Bd2 Bb4 10. Bg2 c6 11. a3 Bxc3 12. Bxc3 Qc7 13. Qe2 Nfd7 14. O-O-O Nxe5 15. dxe5 Nd7 16. f4 O-O-O 17. Rhf1 h6 18. f5 Bh7 19. fxe6 fxe6 20. Rf7 Rhg8 21. Re7 Qb6 22. Rxe6 Nc5 23. Red6 Rde8 24. Bd4 Qa6 25. Qe3 Qc4 26. Bc3 Rgf8 27. Bxc6 Qb3 28. Be4 Rxe5 29. Qd4 1-0

[Event "Biel SUI"]
[Site "Biel SUI"]
[Date "1984.??.??"]
[Round "?"]
[White "Eslon, Jaan"]
[Black "Rogers, Ian"]
[Result "1-0"]
[WhiteElo "2445"]
[BlackElo "2475"]
[PlyCount "38"]
[EventDate "1984.??.??"]
[Source "www.chesslib.no"]
[SourceDate "2004.05.04"]

1. e4 d5 2. exd5 Qxd5 3. Nc3 Qa5 4. d4 Nf6 5. Nf3 Bg4 6. h3 Bh5 7. g4 Bg6 8. Ne5 e6 9. Bd2 Bb4 10. Bg2 c6 11. a3 Bxc3 12. Bxc3 Qc7 13. Qe2 Nfd7 14. O-O-O Nxe5 15. dxe5 Nd7 16. f4 O-O-O 17. Rhe1 h6 18. Be4 Bh5 19. Bg6 fxg6 1-0

[Event "Biel SUI"]
[Site "Biel SUI"]
[Date "1984.??.??"]
[Round "7"]
[White "Eslon, Jaan"]
[Black "Rogers, Ian"]
[Result "1-0"]
[WhiteElo "2445"]
[BlackElo "2475"]
[PlyCount "51"]
[EventDate "1984.??.??"]
[Source "www.chesslib.no"]
[SourceDate "2004.05.04"]

1. e4 d5 2. exd5 Qxd5 3. Nc3 Qa5 4. d4 Nf6 5. Nf3 Bg4 6. h3 Bh5 7. g4 Bg6 8. Ne5 e6 9. Bd2 Bb4 10. Bg2 c6 11. a3 Bxc3 12. Bxc3 Qc7 13. Qe2 Nfd7 14. O-O-O Nxe5 15. dxe5 Nd7 16. f4 O-O-O 17. Rhg1 h6 18. Rh1 Bd3 19. Rh2 Nf6 20. h4 Rdg8 21. Be4 Qb6 22. Bd5 Kd8 23. Qg2 Bg6 24. Bd4 Qc7 25. Qe2 a6 26. Rd3 1-0

[Event "Cappelle la Grande 75/78"]
[Site "?"]
[Date "1999.??.??"]
[Round "?"]
[White "Galkin, Alexander"]
[Black "Nadanian, Ashot"]
[Result "1-0"]
[WhiteElo "2507"]
[BlackElo "2413"]
[PlyCount "73"]
[EventDate "1999.??.??"]
[Source "ChessBase"]
[SourceDate "1999.02.01"]

1. e4 d5 2. exd5 Qxd5 3. Nc3 Qa5 4. d4 Nf6 5. Nf3 Bg4 6. h3 Bh5 7. g4 Bg6 8. Ne5 Nbd7 9. Nc4 Qa6 10. Bf4 Qe6+ 11. Ne3 Qb6 12. Nc4 Qe6+ 13. Ne3 Qb6 14. Bg2 Qxb2 15. Ncd5 Nxd5 16. Nxd5 Rc8 17. O-O c6 18. Nc7+ Kd8 19. Rb1 Qc3 20. Rxb7 Bxc2 21. Qc1 Nb6 22. Bg3 Qc4 23. Qa3 Ba4 24. Rc1 e5 25. Bh4+ f6 26. Rxc4 Bxa3 27. Ne6+ Ke8 28. Nxg7+ Kf8 29. Ne6+ Ke8 30. Ng7+ Kf8 31. Ne6+ Ke8 32. Rc3 Bb4 33. Ng7+ Kf8 34. Ne6+ Ke8 35. Bxf6 exd4 36. Ng7+ Kf8 37. Rf3 1-0

[Event "Santa Clara"]
[Site "Santa Clara"]
[Date "1991.??.??"]
[Round "8"]
[White "Magem Badals, Jordi"]
[Black "Garcia Martinez, Silvino"]
[Result "1/2-1/2"]
[WhiteElo "2490"]
[BlackElo "2425"]
[PlyCount "53"]
[EventDate "1991.02.??"]
[Source "ChessBase"]

1. e4 d5 2. exd5 Qxd5 3. Nc3 Qa5 4. d4 Nf6 5. Nf3 Bg4 6. h3 Bh5 7. g4 Bg6 8. Ne5 e6 9. Bd2 Nbd7 10. Nxg6 hxg6 11. Bg2 c6 12. d5 cxd5 13. Nxd5 Qc5 14. Bb4 Qc4 15. Bxf8 exd5 16. Bxg7 O-O-O 17. Qd3 Qb4+ 18. Qc3+ Qxc3+ 19. bxc3 Rhe8+ 20. Kf1 Ne4 21. Bd4 Kb8 22. Rd1 Rc8 23. Bxe4 dxe4 24. g5 Ne5 25. h4 Nc4 26. Ke2 Rc6 27. Bf6 1/2-1/2

[Event "Nis"]
[Site "Nis"]
[Date "1983.??.??"]
[Round "6"]
[White "Marjanovic, Slavoljub"]
[Black "Rogers, Ian"]
[Result "1-0"]
[WhiteElo "2465"]
[BlackElo "2450"]
[PlyCount "83"]
[EventDate "1983.10.??"]
[Source "ChessBase"]

1. e4 d5 2. exd5 Qxd5 3. Nc3 Qa5 4. d4 Nf6 5. Nf3 Bg4 6. h3 Bh5 7. g4 Bg6 8. Ne5 e6 9. Nc4 Qa6 10. a3 Qc6 11. Rg1 Nbd7 12. Ne5 Qb6 13. Nc4 Qc6 14. Qe2 O-O-O 15. Bg5 Kb8 16. O-O-O Rc8 17. Bg2 Qa6 18. Rge1 Nb6 19. Ne5 Qa5 20. Bd2 Bxa3 21. Qf3 c6 22. Bf4 Ka8 23. bxa3 Qxa3+ 24. Kd2 Qb4 25. Ra1 Qxd4+ 26. Ke2 Nbd5 27. Nxd5 Nxd5 28. Nxg6 hxg6 29. Bd2 Rcd8 30. Red1 Qc4+ 31. Ke1 Qxc2 32. Qa3 a6 33. Rdc1 Nb4 34. Qxb4 Qd3 35. Rxc6 Rd5 36. Bxd5 exd5 37. Rc7 Rb8 38. Ra3 Re8+ 39. Re7 Rxe7+ 40. Qxe7 Qb1+ 41. Ke2 Qb5+ 42. Kf3 1-0

[Event "YUG Cup"]
[Site "?"]
[Date "1999.??.??"]
[Round "?"]
[White "Kovacevic Aleksandar"]
[Black "Vojinovic Goran"]
[Result "1/2-1/2"]
[WhiteElo "2465"]
[BlackElo "2443"]
[PlyCount "142"]
[EventDate "1999.??.??"]
[Source "www.chesslib.no"]
[SourceDate "2004.05.04"]

1. e4 d5 2. exd5 Qxd5 3. Nc3 Qa5 4. d4 Nf6 5. Nf3 Bg4 6. h3 Bh5 7. g4 Bg6 8. Ne5 e6 9. Nc4 Qb4 10. a3 Qe7 11. Bg2 c6 12. Ne5 Nfd7 13. Nxg6 hxg6 14. O-O Nb6 15. Re1 Na6 16. a4 Qd7 17. a5 Nd5 18. Nxd5 cxd5 19. c3 Be7 20. Qa4 Qxa4 21. Rxa4 O-O-O 22. Be3 Kb8 23. b3 Nc7 24. c4 a6 25. c5 Nb5 26. Bf1 Na7 27. Bf4+ Ka8 28. b4 Bf6 29. Rd1 Rd7 30. Kg2 Rc8 31. Ra3 Rc6 32. Be3 Nb5 33. Bxb5 axb5 34. Bf4 Ka7 35. Re3 Rc8 36. Rdd3 Re8 37. Re2 Rc8 38. Be5 Bxe5 39. Rxe5 Re8 40. f4 Rde7 41. Re2 f6 42. Rc3 Rc8 43. h4 Kb8 44. Rh3 Rce8 45. h5 gxh5 46. Rxh5 Kc7 47. Rh7 Kc6 48. Kf3 Rf7 49. Kg3 Rfe7 50. Ra2 e5 51. fxe5 fxe5 52. dxe5 d4 53. a6 bxa6 54. Rxa6+ Kd5 55. Rd6+ Kc4 56. Rh1 Kxb4 57. Rc1 Rxe5 58. Rxd4+ Kb3 59. c6 Kb2 60. Rcd1 Rc5 61. Rb4+ Kc3 62. Rdb1 Rxc6 63. Rxb5 Rd6 64. R1b3+ Kd4 65. Rf3 Kc4 66. Ra5 Kb4 67. Raf5 Ree6 68. g5 Rd4 69. R3f4 Kc4 70. Rf7 Rxf4 71. Kxf4 g6 1/2-1/2

[Event "Nis"]
[Site "Nis"]
[Date "1983.??.??"]
[Round "11"]
[White "Matulovic, Milan"]
[Black "Rogers, Ian"]
[Result "0-1"]
[WhiteElo "2455"]
[BlackElo "2450"]
[PlyCount "174"]
[EventDate "1983.10.??"]
[Source "ChessBase"]

1. e4 d5 2. exd5 Qxd5 3. Nc3 Qa5 4. d4 Nf6 5. Nf3 Bg4 6. h3 Bh5 7. g4 Bg6 8. Ne5 e6 9. Bg2 c6 10. h4 Be4 11. Bxe4 Nxe4 12. Qf3 Nd6 13. O-O Be7 14. h5 O-O 15. a3 Qd8 16. Qe2 a6 17. Na4 Nc8 18. Be3 Nd7 19. f4 Ncb6 20. Nxb6 Nxb6 21. c4 Nd7 22. Rad1 Qc7 23. Rd2 Rad8 24. Rfd1 Bd6 25. Qf2 Rfe8 26. Kg2 Rc8 27. Kh3 b5 28. c5 Be7 29. g5 f6 30. gxf6 Nxf6 31. Qf3 Nd5 32. Rg2 Bf6 33. Rdg1 Re7 34. Ng4 Rf8 35. Qe4 Kh8 36. Bd2 Qd8 37. Ne5 Bxe5 38. fxe5 Ref7 39. h6 g6 40. Bg5 Rf3+ 41. Kg4 R3f4+ 42. Bxf4 Rxf4+ 43. Qxf4 Nxf4 44. Kxf4 Qxd4+ 45. Kf3 Qd3+ 46. Kf2 Qd2+ 47. Kf3 Qxh6 48. Rd1 Qh5+ 49. Rg4 Qh3+ 50. Rg3 Qf5+ 51. Ke2 Qxe5+ 52. Re3 Qh2+ 53. Ke1 Qh1+ 54. Ke2 Qg2+ 55. Ke1 Qg1+ 56. Ke2 Qg4+ 57. Ke1 Qh4+ 58. Ke2 Qc4+ 59. Kf2 Qc2+ 60. Ke1 Qxc5 61. Rxe6 Qg1+ 62. Kd2 Qd4+ 63. Ke1 Qh4+ 64. Kd2 Kg7 65. Rde1 h5 66. Kc1 Qc4+ 67. Kb1 h4 68. Re7+ Kh6 69. Ka1 g5 70. R7e4 Qc5 71. Re5 Qf2 72. Rc1 Kh5 73. Re8 c5 74. Ra8 a5 75. Rxa5 Qd2 76. Rc3 b4 77. axb4 cxb4 78. Rb3 Qe1+ 79. Ka2 Qe6 80. Ra4 h3 81. Raxb4 h2 82. Rb8 h1=Q 83. Rh8+ Qh6 84. Rxh6+ Kxh6 85. Rb6+ Kh5 86. Rb5 Qa8+ 87. Kb3 Kh4 0-1

[Event "Rosario"]
[Site "Rosario"]
[Date "1996.??.??"]
[Round "5"]
[White "Andres Mendez, Miguel"]
[Black "Rodriguez, Andres"]
[Result "0-1"]
[WhiteElo "2330"]
[BlackElo "2575"]
[PlyCount "68"]
[EventDate "1996.??.??"]
[Source "ChessBase"]

1. e4 d5 2. exd5 Qxd5 3. Nc3 Qa5 4. d4 Nf6 5. Nf3 Bg4 6. h3 Bh5 7. g4 Bg6 8. Ne5 e6 9. Bg2 c6 10. O-O Nbd7 11. Nxg6 hxg6 12. Qf3 Be7 13. Re1 O-O 14. Bd2 Qb6 15. Qe3 Rad8 16. g5 Nh7 17. h4 Rfe8 18. Qe4 Bd6 19. b3 Bb8 20. Re3 f5 21. gxf6 Ndxf6 22. Qxg6 Qxd4 23. Rd3 Qxh4 24. Rh3 Qg4 25. Qxg4 Nxg4 26. Ne4 Rf8 27. Bb4 Rf4 28. Re1 Nhf6 29. Be7 Re8 30. Nxf6+ gxf6 31. Rxe6 Be5 32. Bf1 Kf7 33. Rxe5 Nxe5 34. Bc5 Rg4+ 0-1

[Event "Moscow4"]
[Site "Moscow"]
[Date "1992.??.??"]
[Round "?"]
[White "Sokolovs, Andrei"]
[Black "Shchekachev, Andrei"]
[Result "1/2-1/2"]
[WhiteElo "2435"]
[BlackElo "2465"]
[PlyCount "60"]
[EventDate "1992.??.??"]
[Source "ChessBase"]

1. e4 d5 2. exd5 Qxd5 3. Nc3 Qa5 4. d4 Nf6 5. Nf3 Bg4 6. h3 Bh5 7. g4 Bg6 8. Ne5 e6 9. h4 Nbd7 10. Nc4 Qa6 11. h5 Be4 12. Nd2 Qa5 13. Nc4 Qa6 14. Nd2 Qa5 15. Ncxe4 Nxe4 16. Qf3 f5 17. Bd3 Ndf6 18. g5 Nd5 19. Bxe4 fxe4 20. Qxe4 O-O-O 21. O-O Bd6 22. Nc4 Qb5 23. Nxd6+ Rxd6 24. a4 Qc4 25. Ra3 Nb4 26. c3 Nd3 27. Qe2 Rc6 28. Be3 e5 29. dxe5 Qh4 30. Qxd3 Qg4+ 1/2-1/2

[Event "Bundesliga 9798"]
[Site "Germany"]
[Date "1998.??.??"]
[Round "?.7"]
[White "Lau, Ralf"]
[Black "Deev, Andrei"]
[Result "0-1"]
[WhiteElo "2495"]
[BlackElo "2400"]
[PlyCount "84"]
[EventDate "1997.10.??"]
[Source "ChessBase"]
[SourceDate "1999.07.01"]

1. e4 d5 2. exd5 Qxd5 3. Nc3 Qa5 4. d4 Nf6 5. Nf3 Bg4 6. h3 Bh5 7. g4 Bg6 8. Ne5 e6 9. Bd2 Nbd7 10. Nc4 Qa6 11. Qf3 Bb4 12. Nb5 Bxd2+ 13. Nxd2 O-O 14. Nxc7 Qa5 15. Nxa8 Be4 16. Qa3 Qxa3 17. bxa3 Bxh1 18. Nc7 a6 19. f3 Rc8 20. Nxe6 fxe6 21. Bd3 Nd5 22. Kf2 Nf4 23. Bc4 Bg2 24. Kg3 g5 25. h4 h6 26. Re1 Rc6 27. hxg5 hxg5 28. Re3 Kg7 29. Bb3 Nf6 30. a4 Bh1 31. a5 Rc8 32. Re5 Kg6 33. c4 Rh8 34. Bc2+ Kf7 35. Rxg5 Ne2+ 36. Kf2 Nxd4 37. Bd3 Rh2+ 38. Ke3 Rxd2 39. Kxd4 Rxa2 40. Rc5 Bxf3 41. g5 Nd7 42. Rc7 Bc6 0-1

[Event "Vrnjacka Banja"]
[Site "Vrnjacka Banja YUG"]
[Date "1986.??.??"]
[Round "?"]
[White "Matulovic, Milan"]
[Black "Govedarica, Radovan"]
[Result "1-0"]
[WhiteElo "2485"]
[BlackElo "2405"]
[PlyCount "65"]
[EventDate "1986.??.??"]
[Source "www.chesslib.no"]
[SourceDate "2004.05.04"]

1. e4 d5 2. exd5 Qxd5 3. Nc3 Qa5 4. d4 Nf6 5. Nf3 Bg4 6. h3 Bh5 7. g4 Bg6 8. Ne5 c6 9. h4 Nbd7 10. Nc4 Qc7 11. h5 Be4 12. Nxe4 Nxe4 13. Qf3 Nd6 14. Bf4 h6 15. O-O-O Nf6 16. Nxd6+ exd6 17. Re1+ Be7 18. Bc4 Kf8 19. Re2 Qd7 20. Rhe1 Re8 21. g5 hxg5 22. Bxg5 d5 23. Bxf6 gxf6 24. Bd3 f5 25. Kb1 Kg7 26. Qg3+ Kf8 27. Qh3 Qd6 28. Bxf5 Rg8 29. c3 Kg7 30. Bd7 Qf6 31. Bxe8 Rxe8 32. h6+ Kh7 33. Qd7 1-0

[Event "Commonwealth Ch"]
[Site "Melbourne AUS"]
[Date "1983.??.??"]
[Round "4"]
[White "Chandler, Murray G"]
[Black "Rogers, Ian"]
[Result "1/2-1/2"]
[WhiteElo "2500"]
[BlackElo "2390"]
[PlyCount "59"]
[EventDate "1983.??.??"]
[Source "www.chesslib.no"]
[SourceDate "2004.05.04"]

1. e4 d5 2. exd5 Qxd5 3. Nc3 Qa5 4. d4 Nf6 5. Nf3 Bg4 6. h3 Bh5 7. g4 Bg6 8. Ne5 e6 9. Bg2 c6 10. h4 Nbd7 11. Nxd7 Kxd7 12. Qe2 h5 13. g5 Nd5 14. O-O Qa6 15. Qf3 Nxc3 16. bxc3 Rd8 17. Bf4 Bxc2 18. Bg3 Ke8 19. Rfe1 Bd6 20. Rac1 Bg6 21. Bxd6 Rxd6 22. Qf4 Ke7 23. c4 Rhd8 24. d5 cxd5 25. cxd5 Kf8 26. Rc7 Qa5 27. Rec1 Kg8 28. Rxb7 Qxa2 29. Rcc7 Qa1+ 30. Kh2 1/2-1/2

[Event "Lost Boys op"]
[Site "Antwerp"]
[Date "1997.08.08"]
[Round "7"]
[White "Van den Doel, Erik"]
[Black "Stefanova, Antoaneta"]
[Result "1-0"]
[WhiteElo "2440"]
[BlackElo "2450"]
[PlyCount "135"]
[EventDate "1997.08.02"]
[Source "ChessBase"]
[SourceDate "1997.09.26"]

1. e4 d5 2. exd5 Qxd5 3. Nc3 Qa5 4. d4 Nf6 5. Nf3 Bg4 6. h3 Bh5 7. Bc4 c6 8. Qe2 Nbd7 9. g4 Bg6 10. Bd2 e6 11. d5 cxd5 12. Nxd5 Qd8 13. Nxf6+ gxf6 14. Bc3 Be7 15. O-O-O Qc7 16. Nd4 O-O-O 17. Nb5 Qb6 18. f4 Bc5 19. Rhf1 a6 20. Nd4 e5 21. Nb3 Be3+ 22. Kb1 Bxf4 23. Ba5 Qe3 24. Qxe3 Bxe3 25. Bxd8 Rxd8 26. Rd6 Nb6 27. Rxd8+ Kxd8 28. Be2 Nd7 29. h4 h6 30. h5 Be4 31. Bc4 Bg2 32. Re1 Bg5 33. Bxf7 Bh4 34. Rg1 Bc6 35. Bg6 e4 36. Na5 Bd5 37. c4 e3 38. cxd5 e2 39. d6 Bf2 40. Rc1 Nc5 41. b4 e1=Q 42. Rxe1 Bxe1 43. a3 Kc8 44. Bf5+ Nd7 45. Bxd7+ Kxd7 46. Nxb7 Kc6 47. Nd8+ Kd7 48. Nf7 Bd2 49. Kc2 Bf4 50. Kd3 Ke6 51. Nd8+ Kxd6 52. Ke4 Bd2 53. Nf7+ Ke6 54. Nh8 Bc3 55. Ng6 Kd6 56. Nf4 Kc6 57. Ne2 Bd2 58. Nd4+ Kb6 59. Kd3 Bc1 60. a4 Bb2 61. Kc4 Bc1 62. Kd5 Bd2 63. b5 axb5 64. axb5 Be3 65. Nf5 Bg5 66. Nd6 Bf4 67. Ke6 Kc5 68. Nf7 1-0

[Event "Beijing Open"]
[Site "Beijing CHN"]
[Date "1991.??.??"]
[Round "10"]
[White "Smirin, Ilia"]
[Black "Asanov, Bolat"]
[Result "1-0"]
[WhiteElo "2560"]
[BlackElo "2325"]
[PlyCount "48"]
[EventDate "1991.03.??"]
[Source "www.chesslib.no"]
[SourceDate "2004.05.04"]

1. e4 d5 2. exd5 Qxd5 3. Nc3 Qa5 4. d4 Nf6 5. Nf3 Bg4 6. h3 Bh5 7. g4 Bg6 8. Ne5 e6 9. Bg2 c6 10. h4 Nbd7 11. Nxd7 Kxd7 12. Bd2 h5 13. g5 Ng8 14. d5 exd5 15. Nxd5 Re8+ 16. Ne3 Qa4 17. b3 Qf4 18. Kf1 Kc8 19. Bh3+ Kb8 20. Nd5 Qd6 21. Bf4 Re5 22. Bxe5 Qxe5 23. Nf6 Qd6 24. Nd7+ Ka8 1-0

[Event "BCF Ch"]
[Site "Southport ENG"]
[Date "1983.??.??"]
[Round "7"]
[White "Hebden, Mark L"]
[Black "Rogers, Ian"]
[Result "0-1"]
[WhiteElo "2435"]
[BlackElo "2450"]
[PlyCount "94"]
[EventDate "1983.08.??"]
[Source "www.chesslib.no"]
[SourceDate "2004.05.04"]

1. e4 d5 2. exd5 Qxd5 3. Nc3 Qa5 4. d4 Nf6 5. Nf3 Bg4 6. h3 Bh5 7. g4 Bg6 8. Ne5 e6 9. Bd2 Bb4 10. h4 Qb6 11. h5 Be4 12. Nxe4 Nxe4 13. c3 Nxd2 14. Qxd2 Be7 15. O-O-O Nd7 16. Nxd7 Kxd7 17. d5 e5 18. f4 exf4 19. Qxf4 Raf8 20. Qf5+ Kd8 21. Bc4 g6 22. Qe5 Qf6 23. Qe2 Bd6 24. Rhf1 Qg5+ 25. Kb1 Kc8 26. Bb5 a6 27. Bxa6 bxa6 28. Qxa6+ Kd8 29. Qa8+ Kd7 30. Qc6+ Kd8 31. a4 Qxg4 32. a5 Qd7 33. a6 f6 34. Rfe1 Be5 35. hxg6 hxg6 36. Qb7 Qc8 37. Qc6 Qf5+ 38. Ka2 Qd7 39. Qc4 Ke7 40. Rh1 Kf7 41. a7 Kg7 42. Rxh8 Rxh8 43. Qa6 Ra8 44. c4 Qc8 45. Qxc8 Rxc8 46. b4 Ra8 47. c5 Rxa7+ 0-1

[Event "Issy Les Moulineaux"]
[Site "?"]
[Date "1997.??.??"]
[Round "?"]
[White "Komljenovic Davor"]
[Black "Mrdja Milan"]
[Result "1/2-1/2"]
[WhiteElo "2460"]
[BlackElo "2425"]
[PlyCount "30"]
[EventDate "1997.??.??"]
[Source "www.chesslib.no"]
[SourceDate "2004.05.04"]

1. e4 d5 2. exd5 Qxd5 3. Nc3 Qa5 4. d4 Nf6 5. Nf3 Bg4 6. h3 Bxf3 7. Qxf3 c6 8. Bc4 e6 9. O-O Nbd7 10. Qe2 Be7 11. Bd2 Qc7 12. Ne4 Nxe4 13. Qxe4 Nf6 14. Qe2 O-O 15. Rad1 Rad8 1/2-1/2

[Event "After Holidays GM"]
[Site "Tel Aviv"]
[Date "2003.10.19"]
[Round "1"]
[White "Zagrebelny, Sergey"]
[Black "Zak, Uriel"]
[Result "1-0"]
[WhiteElo "2524"]
[BlackElo "2356"]
[PlyCount "35"]
[EventDate "2003.10.19"]
[Source "Roberto Alvarez"]
[SourceDate "2003.11.03"]

1. e4 d5 2. exd5 Qxd5 3. Nc3 Qa5 4. d4 Nf6 5. Nf3 Bg4 6. h3 Bh5 7. g4 Bg6 8. Ne5 e6 9. Bd2 Bb4 10. Bg2 Qb6 11. Na4 Qb5 12. c3 Bd6 13. c4 Qa6 14. b4 c6 15. b5 cxb5 16. cxb5 Qxb5 17. Nxg6 hxg6 18. Rb1 1-0

[Event "BCF Ch"]
[Site "Southport ENG"]
[Date "1983.??.??"]
[Round "9"]
[White "Thipsay, Praveen Mahadeo"]
[Black "Rogers, Ian"]
[Result "1/2-1/2"]
[WhiteElo "2425"]
[BlackElo "2450"]
[PlyCount "69"]
[EventDate "1983.08.??"]
[Source "www.chesslib.no"]
[SourceDate "2004.05.04"]

1. e4 d5 2. exd5 Qxd5 3. Nc3 Qa5 4. d4 Nf6 5. Nf3 Bg4 6. h3 Bh5 7. g4 Bg6 8. Ne5 e6 9. Nc4 Qa6 10. h4 Qc6 11. Rh3 Bb4 12. h5 Be4 13. a3 Bxc3+ 14. Rxc3 h6 15. f3 Bh7 16. Bf4 Qd7 17. Ne5 Qd8 18. Rb3 Nxh5 19. Be3 Nf6 20. Rxb7 O-O 21. Bd3 Nbd7 22. Bxh7+ Nxh7 23. Nxd7 Qxd7 24. Bf4 Qd8 25. Qd2 Qd5 26. Rb3 Rab8 27. Rxb8 Rxb8 28. Qc3 Ng5 29. O-O-O Nxf3 30. Qxc7 Rd8 31. Kb1 e5 32. c4 Qe4+ 33. Ka2 Rxd4 34. Rxd4 Qxd4 35. Qc8+ 1/2-1/2

[Event "ISR-ch"]
[Site "Ramat Aviv"]
[Date "1998.11.08"]
[Round "1.2"]
[White "Rechlis, Gad"]
[Black "Zak, Uriel"]
[Result "1/2-1/2"]
[WhiteElo "2520"]
[BlackElo "2355"]
[PlyCount "29"]
[EventDate "1998.11.08"]
[Source "ChessBase"]
[SourceDate "1999.02.01"]

1. e4 d5 2. exd5 Qxd5 3. Nc3 Qa5 4. d4 Nf6 5. Nf3 Bg4 6. h3 Bh5 7. g4 Bg6 8. Ne5 e6 9. h4 Nbd7 10. Nc4 Qa6 11. h5 Be4 12. Nd2 Qa5 13. Nc4 Qa6 14. Nd2 Qa5 15. Nc4 1/2-1/2

[Event "Berliner Sommer 16th"]
[Site "Berlin"]
[Date "1998.??.??"]
[Round "4"]
[White "Smikovski, Ivan"]
[Black "Bedgarani, Ilgar"]
[Result "1-0"]
[WhiteElo "2485"]
[BlackElo "2385"]
[PlyCount "51"]
[EventDate "1998.08.08"]
[Source "ChessBase"]
[SourceDate "1998.11.06"]

1. e4 d5 2. exd5 Qxd5 3. Nc3 Qa5 4. d4 Nf6 5. Nf3 Bg4 6. h3 Bh5 7. g4 Bg6 8. Ne5 e6 9. Bg2 c6 10. h4 Be4 11. Bxe4 Nxe4 12. Qf3 Nd6 13. Bf4 f6 14. Nd3 Nd7 15. O-O-O O-O-O 16. Rhe1 Re8 17. Nc5 Nc4 18. Qd3 Qb4 19. Nb3 Bd6 20. Bxd6 Nxd6 21. a3 Qc4 22. Qg3 Nf7 23. Re3 Nb6 24. Nc5 Nd5 25. b3 Nxe3 26. Qxe3 1-0

[Event "Schneider Memorial"]
[Site "Schneider memorial"]
[Date "1993.??.??"]
[Round "9"]
[White "Eismont, Oleg"]
[Black "Zemerov, Vladimir"]
[Result "1-0"]
[WhiteElo "2415"]
[BlackElo "2455"]
[PlyCount "67"]
[EventDate "1993.??.??"]
[Source "www.chesslib.no"]
[SourceDate "2004.05.04"]

1. e4 d5 2. exd5 Qxd5 3. Nc3 Qa5 4. d4 Nf6 5. Nf3 Bg4 6. h3 Bh5 7. g4 Bg6 8. Ne5 e6 9. Bg2 c6 10. Bd2 Bb4 11. h4 Bxc3 12. Bxc3 Qa6 13. h5 Be4 14. Bxe4 Nxe4 15. Qf3 Ng5 16. Qe3 h6 17. f4 Nh7 18. g5 hxg5 19. fxg5 Nd7 20. h6 g6 21. Nxd7 Kxd7 22. Rf1 Raf8 23. O-O-O Rhg8 24. Kb1 Qb5 25. d5 cxd5 26. Bg7 Re8 27. Rxf7+ Re7 28. Rxe7+ Kxe7 29. Qa3+ Kd7 30. Qxa7 Re8 31. Qf2 Nxg5 32. Rg1 Ne4 33. Qf7+ Kd8 34. Bf8 1-0

[Event "Cardoza US Open"]
[Site "?"]
[Date "1998.08.07"]
[Round "7"]
[White "Gufeld Eduard E"]
[Black "De Guzman Ricardo"]
[Result "1-0"]
[WhiteElo "2465"]
[BlackElo "2400"]
[PlyCount "81"]
[EventDate "1998.??.??"]
[Source "www.chesslib.no"]
[SourceDate "2004.05.04"]

1. e4 d5 2. exd5 Qxd5 3. Nc3 Qa5 4. d4 Nf6 5. Nf3 Bg4 6. h3 Bxf3 7. Qxf3 c6 8. Bd2 Nbd7 9. O-O-O e6 10. Kb1 Bb4 11. Bd3 O-O 12. g4 Nb6 13. Ne4 Bxd2 14. Nxd2 Qd5 15. Qe3 Rad8 16. g5 Ne8 17. Ne4 Qxd4 18. Nf6+ Kh8 19. Nxh7 Qxe3 20. fxe3 Rg8 21. g6 f6 22. h4 Nd6 23. Ng5 Rge8 24. Nf7+ Nxf7 25. gxf7 Rf8 26. Bg6 Nd7 27. h5 Ne5 28. Rxd8 Rxd8 29. Kc1 Rf8 30. Rd1 Nxf7 31. Rd7 Nd8 32. b4 f5 33. Kd2 e5 34. Re7 e4 35. Ke2 Kg8 36. a4 a6 37. a5 Rf6 38. Re8+ Rf8 39. Re5 Nf7 40. Rxf5 Nd6 41. Bh7+ 1-0